00497 2200181 4500001002100000005001500021035002000036245006600056100001900122300001700141700001900158260004500177082001000222084001600232020002200248600001900270990002600289INLIS00000000000053320251107102216 a0010-11250001121 aLULUS PSIKOTES CALON KARYAWAN BUMN & SWASTA /cTim PsychoChic0 aTim PsychoChic a148 ;c21 cm0 aTim PsychoChic ayogyakarta :bPustaka Merah Putih,c2017 a158.7 a158.7 TIM l a978-979-23-9994-3 4aTim PsychoChic a2017/SMKMIRI/1507/001